[Event "VIE-ch U09"]
[Site "Ho Chi Minh City"]
[Date "2014.07.16"]
[Round "6"]
[White "Dinh, Tien"]
[Black "Le, Huy Hai"]
[Result "0-1"]
[WhiteElo "1456"]
[BlackElo "1515"]
[PlyCount "112"]
[EventDate "2014.07.13"]
[EventType "swiss"]
[EventRounds "9"]
[EventCountry "VIE"]
[SourceTitle "EXT 2016"]
[Source "ChessBase"]
[SourceDate "2015.10.08"]
[SourceVersion "1"]
[SourceVersionDate "2015.10.08"]
[SourceQuality "1"]

1. e4 c5 2. Nf3 d6 3. c4 Nf6 4. d3 Nc6 5. g3 g6 6. Bg2 Bg7 7. Nc3 0-0 8. 0-0 b6 9. b3 Bb7 10. Bb2 Nd7 11. Qd2 Nde5 12. Rab1 Nxf3+ 13. Bxf3 Nd4 14. Bg2 Qd7 15. Ne2 Nxe2+ 16. Qxe2 Bxb2 17. Rxb2 Rfe8 18. Re1 e6 19. Rbb1 d5 20. Red1 Qc6 21. Qf1 Rad8 22. cxd5 exd5 23. exd5 Qd6 24. d4 Bxd5 25. Bxd5 Qxd5 26. dxc5 Qxc5 27. Rxd8 Rxd8 28. Rd1 Rxd1 29. Qxd1 Qe7 30. Kf1 Kg7 31. Qd4+ Qf6 32. Qa4 a5 33. Ke2 Qe6+ 34. Kf3 Qd5+ 35. Qe4 Qd6 36. Ke3 Kf6 37. Qf4+ Qxf4+ 38. gxf4 Kf5 39. Kd4 Kxf4 40. Kc4 Kf3 41. Kb5 Kxf2 42. Kxb6 f5 43. Kxa5 f4 44. b4 f3 45. b5 Ke2 46. b6 f2 47. b7 f1Q 48. b8Q Qf5+ 49. Qb5+ Kf2 50. Kb6 Qe6+ 51. Qc6 Qxa2 52. Qc5+ Kg2 53. Qe7 Qb3+ 54. Kc6 Qc4+ 55. Kd6 Qd3+ 56. Kc5 Qa3+ 0-1